000 00673nam a2200289Ia 4500
005 20260324123547.0
008 008 260324s9999 xx 000 0 eng d
020 _a9780203854631
037 _aEBOOK
040 _aCRL
040 _beng
040 _cCRL
041 _2eng
041 _aeng
084 _qCRL
100 _aColin P. Mitchell
_91170776
245 0 _aNew Perspectives on Safavid Iran
245 0 _bEmpire and Society
260 _bTaylor and Francis
260 _c2011
365 _a
365 _b240
856 _uhttp://www.taylorfrancis.com/books/9780203854631
942 _cEBOOK
999 _c1764410
_d1764410